Instrumentación extensiva para medición de respuesta sismica de un edificio alto
Enregistré dans:
| Auteur principal: | |
|---|---|
| Format: | Livre |
| Publié: |
San José, Costa Rica
1991
|
| Sujets: | |
| Tags: |
Ajouter un tag
Pas de tags, Soyez le premier à ajouter un tag!
|
MARC
| LEADER | 00000nam a2200000Ia 4500 | ||
|---|---|---|---|
| 003 | 005086 | ||
| 005 | 20221231144330.0 | ||
| 008 | 140114s1991 cr a m 000 ||s d | ||
| 040 | |c cru CEDI | ||
| 090 | |a TFG 2410 | ||
| 100 | |a Hernández Herrera, Rolando |9 12891 | ||
| 245 | |a Instrumentación extensiva para medición de respuesta sismica de un edificio alto | ||
| 260 | |c 1991 |a San José, Costa Rica | ||
| 300 | |a ix, [229] hojas : ilustraciones ; 27 cm. | ||
| 500 | |a Proyecto de graduación (licenciatura en ingenieria civil)--Universidad de Costa Rica. Facultad de Ingeniería. Escuela de Ingeniería Civil | ||
| 650 | |x ANALISIS ESTRUCTURAL (INGENIERIA) |x DINAMICA DE ESTRUCTURAS |9 12892 | ||
| 942 | |c TFG | ||
| 999 | |c 20293 |d 20293 | ||
